Analysis of processes involved in construction of housing scheme taking army housing scheme as a case study/ (Record no. 551305)
[ view plain ]
| 000 -LEADER | |
|---|---|
| fixed length control field | 00429nam a22001457a 4500 |
| 082 ## - DEWEY DECIMAL CLASSIFICATION NUMBER | |
| Classification number | P-556 |
| 100 ## - MAIN ENTRY--PERSONAL NAME | |
| Personal name | Wajahat Khan |
| 9 (RLIN) | 48272 |
| 245 ## - TITLE STATEMENT | |
| Title | Analysis of processes involved in construction of housing scheme taking army housing scheme as a case study/ |
| 260 ## - PUBLICATION, DISTRIBUTION, ETC. | |
| Place of publication, distribution, etc. | Risalpur: |
| Name of publisher, distributor, etc. | MCE |
| Date of publication, distribution, etc. | c2014 |
| 300 ## - PHYSICAL DESCRIPTION | |
| Extent | 79p,; |
| Dimensions | 26cm |
| 526 ## - STUDY PROGRAM INFORMATION NOTE | |
| Program name | 0 |
| Interest level | 0 |
| Reading level | 0 |
| Title point value | P_556 |
| 650 ## - SUBJECT ADDED ENTRY--TOPICAL TERM | |
| Topical term or geographic name entry element | Project |
| 700 ## - ADDED ENTRY--PERSONAL NAME | |
| Personal name | Sohail Malik, Major |
| 9 (RLIN) | 48322 |
| 942 ## - ADDED ENTRY ELEMENTS (KOHA) | |
| Source of classification or shelving scheme | |
| Koha item type | Book |
| Withdrawn status | Lost status | Source of classification or shelving scheme | Damaged status | Not for loan | Permanent Location | Current Location | Date acquired | Total Checkouts | Full call number | Barcode | Date last seen | Price effective from | Koha item type | Public note |
|---|---|---|---|---|---|---|---|---|---|---|---|---|---|---|
| Military College of Engineering (MCE) | Military College of Engineering (MCE) | 12/10/2014 | P-556 | MCE-P-556 | 12/10/2014 | 12/10/2014 | Book | Project |
